000 01223nam a2200325 c 4500
003 BLK
005 20180422112131.0
008 180409b bul|||||r ||||||| ||bul||
010 _aKNG00144485000
020 _a978-954-9914-10-8
_bиздат.: БГМап
040 _aBLK
041 _aBUL
_cBUL
072 7 _2bullib
_aН85
_xДетска художествена литература Н
080 _aБългарска литература
_b821.163.2
_x-93-1
_z821.163.2-93-1
100 1 _aСтоянов, Васил Иванов
_eпърви автор
_9367533
139 _aСтоянов, Васил Иванов
_bС 83
245 1 0 _aБаба внучето приспива
_bСтихове за деца и баби
_cВасил Иванов Стоянов.
257 _aBGR
260 София
_bБГМап
_c2011
_fСофия : Дийор принт
300 _a64 с.
_bс цв. ил., портр.
_c24 см
380 _aDX
653 _aстихотворения за деца
653 _aдетска поезия
659 _aН
852 _aЦб 260220
856 4 _qpdf
_u
856 4 _qpdf
_u
942 _cKNG
_n0
944 _aCR
_c26.06.2013
_kГеновева_Генчева
944 _aED
_c19.11.2013
_k
999 _c138494
_d138494